Statistiques concernant Histoire commençant par la lettre A

Cliquez ici pour prendre le quiz!

Statistiques générales

  • Ce quiz a été pris 5,998 fois
    (4,569 depuis la dernière actualisation)
  • Le résultat moyen est 10 sur 20

Statistiques - réponses

Indice Réponse % Correct
Premier homme sur la LuneNeil Armstrong
93%
Philosophe grec, tuteur de ce dernierAristote
83%
"Grand" conquérant de la PerseAlexandre
83%
Vainqueurs de la seconde guerre mondialeAlliés
82%
Hun surnommé le "Fléau de Dieu"Attila
72%
Vaincus de la seconde guerre mondialeForces de l'Axe
61%
Civilisation dont la capitale était TenochtitlanAztèque
56%
Un grec qui a crié "Eurêka !"Archimède
54%
Pays envahi par l'URSS en 1979Afghanistan
54%
Plus jeune fille du dernier tsar de RussieAnastasia
50%
Empereur romain né sous le nom de Caius OctaviusAuguste
45%
Cousin et gendre de Mahomet, premier imam pour les chiitesAli ibn Abi Talib
43%
Royaume s'étant uni avec celui de CastilleAragon
41%
Capitale de l'empire Khmer, célèbre pour son "Vat"Angkor
37%
Tribu ayant donné son nom à l'AngleterreAngles
34%
Deuxième président des États-Unis d'AmériqueJohn Adams
21%
Autre nom pour l'Empire d'EthiopieAbyssinie
20%
Empire mésopotamien de 2500 av. JC à 600 av. JCAssyrie
18%
Père de l'Église occidentale, Auteur de "Les Confessions"Augustin d'Hippone
17%
Premier homme à atteindre le pôle SudRoald Amundsen
15%

Distribution des résultats

Percentile by Number Answered

% des personnes avec chaque résultat

Votre développement - résultats

Vous n’avez pas pris ce quiz depuis la dernière actualisation